Big Fish - Statistics

General Stats
  • This quiz has been taken 25 times
  • The average score is 4 of 24
Answer Stats
Answer % Correct
Basking Shark
95%
Blue Whale
90%
Great White Shark
52%
Whale Shark
48%
Giant Squid
33%
Ocean Sunfish
24%
Giant Ocean Manta Ray
19%
Giant Octopus
19%
Sperm Whale
19%
Lion's Mane Jellyfish
14%
Colossal Squid
10%
Oarfish
10%
Giant Clam
5%
Greenland Shark
5%
Australian Trumpet
0%
Bluntnose Sixgill Shark
0%
Caribbean Giant Barrel Sponge
0%
Giant Isopod
0%
Giant Tube Worm
0%
Japanese Spider Crab
0%
Leatherback Turtle
0%
Nomura's Jellyfish
0%
Southern Elephant Seal
0%
Walrus
0%
No matching quizzes found
Score Distribution
Percent of People with Each Score
Percentile by Number Answered
Your Score History
You have not taken this quiz